00241nam a2200109Ia 4500008004100000020001500041100001600056245001300072250000700085260002900092300001000121211105s9999 xx 000 0 und d aVYASA10906 aGanapati Sv 0aSamaveda a\N bMotilal banarsidass c\N a430p.